000 00429nam a2200193Ia 4500
001 14324
003 GE_BSU
008 181216s||||||||xx |||||||||||||| ||und||
020 _a029799428X
040 _cGE_BSU
080 _a94(410)
100 _aEarle,Peter
245 4 _aThe life and Times of Henry V
260 _aLondon
260 _c1972
300 _a224p.26cm.
653 _aThe life and Times of Henry V
942 _cBK
999 _c47460
_d47460